25 Największych miast Niemiec Zachodnich na mapie - Statystyki

Ogólne statystyki
  • Ten quiz został rozwiązany 13 razy
    9 od ostatniego zresetowania
  • Średni wynik to 14 z 25
Odpowiedzi na mapie
Odpowiedzi zakodowano w zielono-czerwonej skali na mapie do tego quizu, zgodnie z poniższymi procentami.
 
Statystyki odpowiedzi
Land Miasto Populacja % Poprawnych
- Hamburg 1,8 mln
100%
Bawaria Monachium 1,5 mln
100%
Badenia-Wirtembergia Stuttgart 610k
100%
- Brema 590k
83%
Hesja Frankfurt 750k
83%
Bawaria Augsburg 300k
67%
- Berlin Zachodni 2,4 mln
67%
Nadrenia Północna- Westfalia Dortmund 600k
67%
Nadrenia Północna- Westfalia Dusseldorf 620k
67%
Nadrenia Północna- Westfalia Essen 570k
67%
Dolna Saksonia Hanower 520k
67%
Nadrenia Północna- Westfalia Kolonia 1 mln
67%
Bawaria Norymberga 530k
67%
Nadrenia Północna-Westfalia Akwizgran 260k
50%
Nadrenia Północna- Westfalia Bielefeld 330k
50%
Nadrenia Północna- Westfalia Duisburg 500k
50%
Nadrenia Północna- Westfalia Bochum 360k
33%
Nadrenia Północna- Westfalia Bonn 320k
33%
Nadrenia Północna- Westfalia Gelsenkirchen 270k
33%
Badenia-Wirtembergia Karlsruhe 320k
33%
Hesja Wiesbaden 290k
33%
Badenia-Wirtembergia Mannheim 320k
17%
Nadrenia Północna-Westfalia Monchengladbach 270k
17%
Nadrenia Północna- Westfalia Munster 310k
17%
Nadrenia Północna- Westfalia Wuppertal 360k
17%
Nie znaleziono quizów pasujących do podanych kryteriów
Rozkład punktacji
Procent ludzi z każdym wynikiem
Percentyl według liczby udzielonych odpowiedzi
Twoja historia wyników
Nie rozwiązałeś tego quizu od ostatniego zresetowania